| 000 | 00386nam a2200157Ia 4500 | ||
|---|---|---|---|
| 005 | 20240724024745.0 | ||
| 008 | 240331s9999 xx 000 0 und d | ||
| 082 |
_a291 _bVON |
||
| 100 | _aVon Glasenapp, Helmuth | ||
| 245 | 0 | _aVedanta and Buddhism | |
| 260 |
_aKandy _bBuddhist Publication Society _c1978 |
||
| 300 | _a12 p ., | ||
| 650 | _aBuddhism | ||
| 650 | _aPhilosophy | ||
| 942 | _cL | ||
| 999 |
_c854 _d854 |
||